| 000 | 00379nam a2200133 a 4500 | ||
|---|---|---|---|
| 005 | 20140414132109.0 | ||
| 008 | 110106s19uu xx 00 eng d | ||
| 050 |
_aTR _bOn2 2010 |
||
| 245 |
_a101 Dalmatians out and about : _ba little book of things to find. |
||
| 260 |
_aQueenstreet, UK : _bParragon, _c2010. |
||
| 440 | _aDisney Board Book | ||
| 999 |
_c114676 _d114676 |
||